000 00481nam a2200181Ia 4500
001 9549
005 20260306161726.0
008 260306t2006||||xx |||||||||||||| ||spa||
041 _aESP
082 _a382
_bR93
100 _aRuibal Handabaka, Alberto
_eAUT
245 0 _aCorredores Interoceánicos Suramericanos:
_bcriterios logisticos de selección
260 _c2006
300 _axlvi, 717 páginas :
_c28 cm.
650 _aGEN
654 _aCAN
942 _cLIB
_dJUS
_fJUS
_2ddc
_n
999 _c9549
_d9549